| 000 | 00716nam a22002297a 4500 | ||
|---|---|---|---|
| 999 |
_c14137 _d14137 |
||
| 003 | AR-CdUCM | ||
| 008 | 190422b ||||| |||| 00| 0 spa d | ||
| 040 |
_aMUNICIPALIDAD PROVINCIAL DEL CUSCO _cBIBLIOTECA MUNICIPAL DEL CUSCO |
||
| 041 | _heng. | ||
| 082 |
_aPI / 803.08 / _bP51 |
||
| 110 |
_aDisney Enterprises, Inc. _931708 |
||
| 245 |
_aDisney Pixar : _bToy story 2 / |
||
| 260 |
_aChina : _bPhidal Publishing,Inc, _c2013. |
||
| 300 |
_c19 cm. _bIlistraciones, |
||
| 440 |
_aSilver Dolphin _932801 |
||
| 500 | _aLibro sin numeración | ||
| 650 |
_aLiteratura infaltil _927332 |
||
| 650 |
_aCuento _94671 |
||
| 700 |
_aS. del Moral (traducción) _932807 |
||
| 942 |
_2ddc _cLIBROS |
||
| 945 |
_arjall _d2019-04-22 |
||